Ч. 2; Теоретическая социология; Понятие общества: компоненты и их взаимоотношения; О теории и метатеории; Порядок взаимодействия; Предмет социологии и ее отношение к другим наукам; Социальная аналитика. Анализ элементов взаимодействия; Явление взаимодействия как коллективное единство; Аналитическое теоретизирование; Социология: наука или антинаука?; Новые правила социологического метода; "Что происходит?" и "Что за этим кроется?". Две социологии и теория общества; Отношения между системой и жизненным миром в условиях позднего капитализма; Опыт рефлексивной социологии

Podrobná bibliografie
Parent link:Теоретическая социология: Антология/ Московская высшая школа социальных и экономических наук; Институт социологии РАН; Центр фундаментальной социологии; Под ред. С. П. Баньковской. Ч. 2.— , 2002-.— 5-8013-0046-5
Jazyk:ruština
Vydáno: 2002
TOC:Понятие общества: компоненты и их взаимоотношения;
Т. Парсонс, О теории и метатеории;
И. Гофман, Порядок взаимодействия;
Предмет социологии и ее отношение к другим наукам;
Социальная аналитика. Анализ элементов взаимодействия;
П. А. Сорокин, Явление взаимодействия как коллективное единство;
Дж. Тернер, Аналитическое теоретизирование;
Р. Коллинз, Социология: наука или антинаука?;
Э. Гидденс, Новые правила социологического метода;
Н. Луман, "Что происходит?" и "Что за этим кроется?". Две социологии и теория общества;
Ю. Хабермас, Отношения между системой и жизненным миром в условиях позднего капитализма;
П. Бурдье, Опыт рефлексивной социологии;
Témata:
Médium: Kniha
KOHA link:https://koha.lib.tpu.ru/cgi-bin/koha/opac-detail.pl?biblionumber=43098

MARC

LEADER 00000nam2a2200000 4500
001 43098
005 20231101210808.0
010 |a 5801301526 
035 |a (RuTPU)RU\TPU\book\44495 
090 |a 43098 
100 |a 20020925d2002 km y0rusy50 ca 
101 2 |a rus 
102 |a RU 
105 |a y z 001zy 
200 0 |a Ч. 2 
210 |d 2002 
215 |a 432 с. 
320 |a Библиогр.: с. 424-429. 
461 1 |0 (RuTPU)RU\TPU\book\45415  |y 5-8013-0046-5  |t Теоретическая социология  |o Антология  |o Пер. с англ., фр., нем., ит.  |f Московская высшая школа социальных и экономических наук; Институт социологии РАН; Центр фундаментальной социологии; Под ред. С. П. Баньковской  |v Ч. 2  |d 2002- 
464 |t Понятие общества: компоненты и их взаимоотношения 
464 |t О теории и метатеории  |f Т. Парсонс 
464 |t Порядок взаимодействия  |f И. Гофман 
464 |t Предмет социологии и ее отношение к другим наукам 
464 |t Социальная аналитика. Анализ элементов взаимодействия 
464 |t Явление взаимодействия как коллективное единство  |f П. А. Сорокин 
464 |t Аналитическое теоретизирование  |f Дж. Тернер 
464 |t Социология: наука или антинаука?  |f Р. Коллинз 
464 |t Новые правила социологического метода  |f Э. Гидденс 
464 |t "Что происходит?" и "Что за этим кроется?". Две социологии и теория общества  |f Н. Луман 
464 |t Отношения между системой и жизненным миром в условиях позднего капитализма  |f Ю. Хабермас 
464 |t Опыт рефлексивной социологии  |f П. Бурдье  |a Коллинз, Рэндалл 
606 1 |a Социология  |2 stltpush  |3 (RuTPU)RU\TPU\subj\67656  |9 83377 
610 1 |a теория 
610 1 |a история 
610 1 |a 19 век 
610 1 |a 20 век 
610 1 |a общество 
610 1 |a антологии 
610 1 |a хрестоматии 
686 |a С5  |v LBC/SL-A  |2 rubbk 
801 1 |a RU  |b 63413507  |c 20020925  |g PSBO 
801 2 |a RU  |b 63413507  |c 20201218  |g PSBO 
942 |c BK